000 00404cam a2200169ua 4500
020 _c1.25
041 _amal
_h
082 _a894.812308
_bSIV/HI
100 _aSivarama Panicker, K R .
245 _aHiranmayi /
_cK R Sivarama Panicker.
_hTextual Documents
260 _a :
_bChacko T Iype ,
_c1957.
300 _a152 ; .
365 _a1.25
504 _a
942 _cBK
999 _c4572
_d4572